00432cam6a220018100 4500001001200000003000500012005001700017008004100034020001500075035001900090050002300109100001500132245002700147260004200174300001000216650000500226999001900231tmp15950281UPRA20190830104432.0951115s1985 at eng u a0140077073 a(Sirsi) r25703 aPL 848.A8 DAV 19851 aDavy, Ross10aKenzo :ba Tokyo story aVictoria, Australia :bPenguin,c1985 a167p. a c185888d185888